书目信息 |
| 题名: |
人工影响天气和气候
|
|
| 作者: | Hess , 赫斯 主编 ;王昂生 , 徐华英 译 | |
| 分册: | ||
| 出版信息: | 北京 科学出版社 1985 |
|
| 页数: | 584页 | |
| 开本: | 26cm | |
| 丛书名: | ||
| 单 册: | ||
| 中图分类: | P48 | |
| 科图分类: | ||
| 主题词: | 人工影响天气 | |
| 电子资源: | ||
| ISBN: | ||
| 000 | 00906nam0 2200301 45 | |
| 001 | 0185010156 | |
| 005 | 20061122144129.04 | |
| 010 | @dCNY8.70 | |
| 091 | @aCN@b13031.2873 | |
| 100 | @a19900904d1985 emky0chiy0121 ea | |
| 101 | 1 | @achi@ceng |
| 102 | @aCN@b110000 | |
| 105 | @af z 000yy | |
| 200 | 10 | @a人工影响天气和气候@Aren gong ying xiang tian qi he qi hou@f(美)赫斯(Hess,W.N.)主编@g王昂生, 徐华英译 |
| 210 | @a北京@c科学出版社@d1985 | |
| 215 | @a584页@c图@d26cm | |
| 300 | @a书名原文: Weather and climate modification. | |
| 300 | @a根据1974年英文版译出 | |
| 510 | 1 | @aWeather and climate modification@zeng |
| 606 | @a人工影响天气 | |
| 690 | @aP48@v3 | |
| 701 | A1 | @aHess@bW.N.@4主编 |
| 701 | 1 | @a赫斯@Ahe si@bW.N.@4主编 |
| 702 | 0 | @a王昂生@Awang ang sheng@4译 |
| 702 | 0 | @a徐华英@Axu hua ying@4译 |
| 801 | 2 | @aCN@bNLC@c20061122 |
| 801 | 0 | @aCN@bTSSF |
| 905 | @a10447@dP48@e14 | |
| 人工影响天气和气候/(美)赫斯(Hess,W.N.)主编/王昂生, 徐华英译.-北京:科学出版社,1985 |
| 584页:图;26cm |
| 书名原文: Weather and climate modification.-根据1974年英文版译出 |
| ISBN :CNY8.70 |
| ● |
| 相关链接 |
|
|
|
|
正题名:人工影响天气和气候
索取号:P48/14
 
预约/预借
| 序号 | 登录号 | 条形码 | 馆藏地/架位号 | 状态 | 备注 |
| 1 | 0134668 | 202106292 | 第二样本阅览室/ [索取号:P48/14] | 在馆 |